[Event "Athens PAO op 17th"]
[Site "Athens"]
[Date "2024.03.22"]
[Round "2"]
[White "Vergoulis, Konstantinos Efraim"]
[Black "Stavropoulos, Simeon"]
[Result "1/2-1/2"]
[WhiteElo "1585"]
[BlackElo "1469"]
[PlyCount "37"]
[EventDate "2024.03.15"]
[EventType "swiss"]
[EventRounds "7"]
[EventCountry "GRE"]
[SourceTitle "CBM 220 Extra"]
[Source "ChessBase"]
[SourceDate "2024.07.31"]
[SourceVersion "1"]
[SourceVersionDate "2024.07.31"]
[SourceQuality "1"]

1. Nc3 e5 2. e4 Nf6 3. f4 d5 4. fxe5 Nxe4 5. Nxe4 dxe4 6. Qe2 Qd5 7. Qb5+ Qxb5 8. Bxb5+ Bd7 9. Bc4 Bc6 10. Ne2 Nd7 11. e6 Ne5 12. exf7+ Nxf7 13. Bxf7+ Kxf7 14. 0-0+ Ke8 15. Nc3 Bc5+ 16. Kh1 Rf8 17. Re1 Kd7 18. b3 Rf2 19. Bb2 1/2-1/2

[Event "Athens PAO CC-ch 16th"]
[Site "Athens"]
[Date "2024.02.02"]
[Round "3"]
[White "Stavropoulos, Simeon"]
[Black "Paschalis, Efstathios"]
[Result "0-1"]
[WhiteElo "1130"]
[BlackElo "1153"]
[PlyCount "95"]
[EventDate "2024.01.19"]
[EventType "swiss"]
[EventRounds "7"]
[EventCountry "GRE"]
[SourceTitle "CBM 219 Extra"]
[Source "ChessBase"]
[SourceDate "2024.05.31"]
[SourceVersion "1"]
[SourceVersionDate "2024.05.31"]
[SourceQuality "1"]

1. e4 c5 2. Nf3 d6 3. d4 cxd4 4. Nxd4 Nf6 5. Bb5+ Bd7 6. Bxd7+ Nbxd7 7. Nc3 g6 8. 0-0 Bg7 9. Kh1 0-0 10. f3 Ne5 11. Nce2 d5 12. Ng3 dxe4 13. fxe4 Qb6 14. c3 Rfd8 15. Qe2 Rac8 16. Bg5 h6 17. Bxf6 Bxf6 18. Rfd1 a6 19. Nf1 Kg7 20. Ne3 e6 21. Nf3 Nxf3 22. gxf3 Bg5 23. Ng2 e5 24. Rd5 Rxd5 25. exd5 Qd6 26. c4 Qb4 27. Qxe5+ Bf6 28. Qe2 Rxc4 29. Rb1 Rd4 30. b3 Rxd5 31. Rd1 Rxd1+ 32. Qxd1 Qc3 33. Qe2 Bd4 34. Nf4 Qc1+ 35. Kg2 Qxf4 36. Kh1 Qc1+ 37. Kg2 Qg1+ 38. Kh3 b5 39. Qd3 Be5 40. Qe2 h5 41. Qd2 f6 42. Qe2 g5 43. a4 bxa4 44. bxa4 Qd4 45. a5 Qh4+ 46. Kg2 Qxh2+ 47. Kf1 Qxe2+ 48. Kxe2 0-1

[Event "Ambelokipi op 113th"]
[Site "Athens"]
[Date "2011.05.09"]
[Round "1"]
[White "Hamaletsos, Hristoforos"]
[Black "Stavropoulos, Simeon"]
[Result "1-0"]
[WhiteElo "2166"]
[BlackElo "1573"]
[PlyCount "41"]
[EventDate "2011.05.07"]
[EventType "swiss"]
[EventRounds "7"]
[EventCountry "GRE"]
[SourceTitle "EXT 2024"]
[Source "ChessBase"]
[SourceDate "2023.10.10"]
[SourceVersion "1"]
[SourceVersionDate "2023.10.10"]
[SourceQuality "1"]

1. e4 e5 2. Nf3 Nc6 3. Bb5 a6 4. Ba4 Nf6 5. 0-0 b5 6. Bb3 Be7 7. Re1 d6 8. c3 Na5 9. Bc2 c5 10. d4 exd4 11. cxd4 Nc6 12. h3 Nb4 13. Nc3 Nxc2 14. Qxc2 0-0 15. Bf4 Re8 16. Rad1 Qb6 17. e5 dxe5 18. dxe5 Nd7 19. Nd5 Qd8 20. e6 fxe6 21. Bc7 1-0